| 000 | 00483nam a2200169 a 4500 | ||
|---|---|---|---|
| 020 | _a0026851520 | ||
| 040 | _cDLC | ||
| 082 | 0 | 0 | _a653 GLE 1989 A045 Or. |
| 100 | 1 | _aPullis, Joe M. | |
| 245 | 1 | 0 | _aSpeedwriting shorthand comprehensive dictionary / |
| 260 |
_aMission Hills, Calif. : _bGlencoe Pub. Co., _cc1989. |
||
| 300 |
_a502 p. ; _c25 cm. |
||
| 500 | _aAt head of title: Spdri srlhn kprhnv dcjre. | ||
| 500 | _a"Regency system"--Cover. | ||
| 650 | 0 | _aShorthand | |
| 942 | _cEK | ||
| 999 |
_c13261 _d13261 |
||